Statistics for Guess the Country by their Domain Name #2

Click here to take the quiz!

General Stats

  • This quiz has been taken 19 times
  • The average score is 15 of 24

Answer Stats

DomainCountry% Correct
.alAlbania
89%
.dkDenmark
89%
.inIndia
89%
.djDjibouti
84%
.keKenya
84%
.ltLithuania
84%
.bhBahrain
74%
.liLiechtenstein
74%
.npNepal
74%
.paPanama
74%
.brBrazil
68%
.bnBrunei
63%
.clChile
63%
.muMauritius
63%
.gdGrenada
58%
.mrMauritania
58%
.trTurkey
58%
.bsBahamas
53%
.cnChina
53%
.sgSingapore
53%
.dzAlgeria
47%
.kpNorth Korea
32%
.knSaint Kitts and Nevis
26%
.seSweden
26%

Score Distribution

Percentile by Number Answered

Percent of People with Each Score

Your Score History

You have not taken this quiz